| 000 | 00536nam a22001937a 4500 | ||
|---|---|---|---|
| 003 | OSt | ||
| 005 | 20151201152205.0 | ||
| 008 | 130307t xxu||||| |||| 00| 0 eng d | ||
| 020 | _a0072368713 | ||
| 050 |
_aQA 331 .3 _b.B261 2003 |
||
| 082 |
_aHS 512.1 _bB26 2003 |
||
| 100 | _aBarnett, Raymond A. | ||
| 245 |
_aPrecalculus : _bfunctions and graphs / _cRaymond A. Barnett, Michael R. Ziegler, Karl E. Bylean. |
||
| 260 |
_aBoston _bMcGraw Hill _c2003 |
||
| 300 |
_axxiv _c 27 cm |
||
| 562 | _e1 | ||
| 942 |
_2lcc _cBK |
||
| 999 |
_c2169 _d2169 |
||